| 000 | 00350nam a22001217a 4500 | ||
|---|---|---|---|
| 082 |
_a948.97032 _bLAN _cL-30-II, P-130 |
||
| 100 |
_aLangdon-Davies, Jhon _949072 |
||
| 245 | _aFinland The First Total War | ||
| 260 |
_aLondon _bGeorge Routledge & Sons |
||
| 300 |
_aix, p 202 _bill _c20cm |
||
| 526 |
_a0 _b0 _c0 _d948_970320000000000_LAN |
||
| 942 |
_2ddc _cBK |
||
| 999 |
_c551909 _d551909 |
||